000 00770nab a2200229u 4500
001 12228
003 HDC
007 c| |||a|c|aaaa
008 210209b99999999my ||||o |||| 00| 0 eng d
040 _aHDC
245 0 _aMIHAS 2016: BIGGER, BETTER
336 _atext
_2rdacontent
337 _acomputer
_2rdamedia
338 _aonline resource
_2rdacarrier
650 _aInternational Sourcing Programme (INSP)
_912703
650 _aMalaysian International Halal Showcase (MIHAS) 2016
_912702
710 _aFor eyes that captivate
856 _zRequest full-text at [email protected]
942 _2lcc
942 _cNEWS
942 _kNWS0 001000
999 _c9551
_d9551